Datum a čas kvízu

38 Celkem bodů Celkový počet nahraných bodů na tomto kvízu bez doplňovacích otázek.
8. Pořadí na kvízu Konečné umístění týmu na tomto kvízu.

Zaznamenané odpovědi

# Otázka Odpověď Body Výsledky
1. Dnešní kvíz je koncipován tak,... neolit 1
2. Téma: Ženy českých panovníků.... Beatrix 1
3. Téma: Historie válek. Celkem 1... Tiger 1
4. Moderní dějiny nás zajímaly v... 1A 2C 3D 4B 1
5. Tradičním historickým tématem... Charles de Gaulle 1
6. Téma: Krimi filmy. Jedním z ne... Apollo 13 1
7. Na podzim nás zajímaly též sci... Demolition Man, Wesley Snipes 1
8. Možná si pamatujete na téma Fi... Deset důvodů, proč tě nenávidím 1
9. Jeden podzimní týden jsme se z... orla 1
10. Hodně z vás na podzim bavilo t... Forrest Gump 0